Fuzzy Approach to Reasoning and Decision - Making Selected Papers of the International Symposium held at Bechyně, from
Uložené v:
| Ďalší autori: | |
|---|---|
| Médium: | Kniha |
| Jazyk: | English |
| Vydavateľské údaje: |
Praha
Academia
1992
|
| Vydanie: | 1. vyd. |
| Predmet: | |
| Tagy: |
Žiadne tagy, Buďte prvý, kto otaguje tento záznam!
|
MARC
| LEADER | 00000nam a2200000 4500 | ||
|---|---|---|---|
| 001 | c005088 | ||
| 005 | 20240404135130.3 | ||
| 020 | |a 80-200-0450-5 | ||
| 041 | 0 | |a eng | |
| 044 | |a CZ | ||
| 245 | 1 | 0 | |a Fuzzy Approach to Reasoning and Decision - Making |b Selected Papers of the International Symposium held at Bechyně, from |c Red. Vilém Novák |
| 250 | |a 1. vyd. | ||
| 264 | 1 | |a Praha |b Academia |c 1992 | |
| 300 | |a 220 s. | ||
| 610 | 2 | 0 | |a rozhodovanie |
| 610 | 2 | 0 | |a množiny hmlisté |
| 610 | 2 | 0 | |a logika |
| 610 | 2 | 0 | |a systémy expertné |
| 610 | 2 | 0 | |a manažment |
| 610 | 2 | 0 | |a rozhodovanie za neurčitosti |
| 610 | 2 | 0 | |a teória hier |
| 610 | 2 | 0 | |a programovanie lineárne |
| 610 | 2 | 0 | |a analýza zhluková |
| 700 | 1 | |a Novák, Vilém | |